[Event "Asian Nations Cup 2016"]
[Site "Abu Dhabi UAE"]
[Date "2016.04.02"]
[Round "6.1"]
[White "Aboudi, Marwan"]
[Black "Khusenkhojaev, Muhammad"]
[Result "0-1"]
[BlackTitle "IM"]
[WhiteElo "2166"]
[BlackElo "2416"]
[WhiteTeam "Jordan"]
[BlackTeam "Tajikistan"]
[WhiteFideId "8100160"]
[BlackFideId "14700247"]
[EventDate "2016.03.28"]
[EventType "team"]

1. e4 e5 2. Nf3 Nc6 3. Bc4 Bc5 4. d3 Nf6 5. Nc3 d6 6. Na4 a6 7. Nxc5 dxc5 8. a4
h6 9. h3 Qd6 10. Be3 Bd7 11. a5 O-O-O 12. Bxf7 Rhf8 13. Bc4 Nh5 14. g3 Nf6 15.
Nd2 Be8 16. Nb3 Nd4 17. Bxd4 cxd4 18. Qd2 Bh5 19. g4 Bf7 20. Bxf7 Rxf7 21. Ra4
Nxe4 22. Qb4 Qf6 23. Rh2 Qf4 24. Rg2 Qf3 25. Rh2 Nxf2 26. Qd2 Nxg4 0-1

[Event "Asian Nations Cup 2016"]
[Site "Abu Dhabi UAE"]
[Date "2016.04.02"]
[Round "6.4"]
[White "Antonova, Nadezhda"]
[Black "Alattar, Ghayda M."]
[Result "1/2-1/2"]
[WhiteTitle "WFM"]
[BlackTitle "WFM"]
[WhiteElo "1956"]
[BlackElo "1952"]
[WhiteTeam "Tajikistan"]
[BlackTeam "Jordan"]
[WhiteFideId "14700182"]
[BlackFideId "8101531"]
[EventDate "2016.03.28"]
[EventType "team"]

1. d4 Nf6 2. Nf3 c5 3. d5 g6 4. Nc3 Bg7 5. e4 d6 6. Bb5+ Nfd7 7. a4 O-O 8. O-O
Na6 9. Re1 Nb4 10. Nb1 Nf6 11. c3 Na6 12. Bg5 h6 13. Bf4 Nc7 14. Qd2 Kh7 15. Na3
Nxb5 16. axb5 b6 17. h3 g5 18. e5 dxe5 19. Bxe5 Qxd5 20. Qc2+ Kg8 21. Rad1 Qb7
22. Nh2 Be6 23. f4 Rfd8 24. fxg5 hxg5 25. Rd3 Rxd3 26. Qxd3 Qd5 27. Qe3 Nh7 28.
Nf3 Bxe5 29. Nxe5 Rd8 30. Nac4 Re8 31. Nd2 Bc8 32. Ndf3 f6 33. Nc6 e5 34. Re2
Qd1+ 35. Kh2 Qb3 36. Nxa7 Bf5 37. g4 Be6 38. Qe4 Nf8 39. Rd2 Qa2 40. Nc6 Kg7 41.
h4 gxh4 42. g5 f5 43. Qxh4 Bd5 44. Nfxe5 Bxc6 45. Qh6+ Kg8 46. Nxc6 Qc4 47. Qd6
Re2+ 48. Rxe2 Qxe2+ 49. Kg1 Qe1+ 50. Kg2 Qe2+ 1/2-1/2

[Event "Asian Nations Cup 2016"]
[Site "Abu Dhabi UAE"]
[Date "2016.04.02"]
[Round "6.1"]
[White "Asefi, Zaheeruddeen"]
[Black "Alrashidi, Yousef"]
[Result "1-0"]
[WhiteTitle "FM"]
[WhiteElo "2020"]
[BlackElo "1631"]
[WhiteTeam "Afghanistan"]
[BlackTeam "Kuwait"]
[WhiteFideId "11700025"]
[BlackFideId "10300910"]
[EventDate "2016.03.28"]
[EventType "team"]

1. d4 Nf6 2. Nf3 e6 3. c4 d5 4. Nc3 Bb4 5. Bg5 h6 6. Bh4 g5 7. Bg3 Ne4 8. Qa4+
Nc6 9. Rc1 Bd7 10. cxd5 exd5 11. Qb3 Nxg3 12. hxg3 Be6 13. e3 Kf8 14. Bb5 Bxc3+
15. Qxc3 Rb8 16. Bxc6 bxc6 17. b3 Rb6 18. Ne5 Bd7 19. f4 gxf4 20. gxf4 Qe8 21.
Qc2 f6 22. Nxd7+ Qxd7 23. f5 Qg7 24. Qf2 Qg5 25. Qf3 h5 26. g3 Rg8 27. Kf2 Rh8
28. Rh4 a5 29. Rch1 a4 30. Rxh5 Rxh5 31. Rxh5 axb3 32. axb3 Qg7 33. Qh1 Kg8 34.
Rh6 Rxb3 35. Rg6 Qxg6 36. fxg6 Kg7 1-0

[Event "Asian Nations Cup 2016"]
[Site "Abu Dhabi UAE"]
[Date "2016.04.02"]
[Round "6.2"]
[White "AlShourfaa, Hazaa"]
[Black "Mirzaad, S.wahabuddin"]
[Result "0-1"]
[WhiteElo "1808"]
[BlackElo "2053"]
[WhiteTeam "Kuwait"]
[BlackTeam "Afghanistan"]
[WhiteFideId "10300198"]
[BlackFideId "11700785"]
[EventDate "2016.03.28"]
[EventType "team"]

1. e4 d5 2. exd5 Qxd5 3. Nc3 Qa5 4. Bc4 Nf6 5. Nf3 Bg4 6. h3 Bh5 7. d4 e6 8. Bd2
c6 9. Nd5 Qd8 10. Nf4 Bxf3 11. Qxf3 Bd6 12. c3 O-O 13. O-O Nbd7 14. Rae1 Re8 15.
Nd3 Qc7 16. Re2 c5 17. dxc5 Nxc5 18. Rfe1 a6 19. Nxc5 Qxc5 20. Bd3 b5 21. Bf4
Bxf4 22. Qxf4 Red8 23. Bc2 h6 24. Re5 Qc7 25. Qf3 Rac8 26. g4 b4 27. R5e3 Nd5
28. Rd3 bxc3 29. bxc3 Nxc3 30. h4 Nd5 31. Bb3 Nf4 32. Rde3 Rd4 33. g5 hxg5 34.
hxg5 Qe7 35. Qg4 Rc5 36. Re5 g6 37. Rxc5 Qxc5 38. Kh2 Nh5 39. Re4 Rxe4 40. Qxe4
Qxf2+ 41. Qg2 Qh4+ 42. Kg1 Nf4 43. Qa8+ Kg7 44. Qxa6 Qxg5+ 45. Kf1 Qg2+ 46. Ke1
Qe4+ 47. Kd2 g5 48. Qb5 Qd4+ 49. Kc2 Kg6 50. a4 g4 51. Qc4 Qf2+ 52. Kb1 g3 53.
Bc2+ f5 54. Qc8 Qe1+ 55. Ka2 g2 56. Qg8+ Kh5 57. Qh7+ Kg4 58. Qg7+ Kf3 59. Qb7+
Nd5 60. Qb3+ Qe3 61. Bd1+ Kg3 0-1

[Event "Asian Nations Cup 2016"]
[Site "Abu Dhabi UAE"]
[Date "2016.04.02"]
[Round "6.3"]
[White "Mehrad, Ahmad Tamim"]
[Black "Al Azmi, Khalaf"]
[Result "1-0"]
[WhiteElo "1988"]
[BlackElo "1842"]
[WhiteTeam "Afghanistan"]
[BlackTeam "Kuwait"]
[WhiteFideId "11700491"]
[BlackFideId "10300040"]
[EventDate "2016.03.28"]
[EventType "team"]

1. d4 Nf6 2. c4 e5 3. dxe5 Ng4 4. e6 fxe6 5. e4 Ne5 6. Be3 Bb4+ 7. Nc3 O-O 8. f4
Ng6 9. g3 b6 10. Ne2 Bb7 11. Bg2 Qe7 12. Qd2 Na6 13. a3 Bc5 14. b4 Bxe3 15. Qxe3
c5 16. b5 Nc7 17. Rd1 Rad8 18. Qd2 Qf7 19. O-O Kh8 20. a4 d5 21. exd5 exd5 22.
Nxd5 Ne7 23. Nec3 Nf5 24. Rfe1 Rd7 25. Re5 Rfd8 26. Bh3 Nd4 27. Bg2 Nxd5 28.
cxd5 Bxd5 29. Nxd5 Rxd5 30. Bxd5 Rxd5 31. Qa2 c4 32. Qxc4 Nf3+ 33. Kf2 Nxe5 34.
Qxd5 Ng4+ 35. Kg1 Qxd5 36. Rxd5 Kg8 37. Rd8+ Kf7 38. Rd7+ Kf6 39. Rxa7 Ne3 40.
Ra6 Nc4 41. a5 1-0

[Event "Asian Nations Cup 2016"]
[Site "Abu Dhabi UAE"]
[Date "2016.04.02"]
[Round "6.4"]
[White "Al-Hajiri, Bader"]
[Black "Amini, Habibullah"]
[Result "1-0"]
[WhiteTitle "CM"]
[WhiteElo "2194"]
[BlackElo "1995"]
[WhiteTeam "Kuwait"]
[BlackTeam "Afghanistan"]
[WhiteFideId "10300163"]
[BlackFideId "11700777"]
[EventDate "2016.03.28"]
[EventType "team"]

1. e4 e6 2. d4 d5 3. Nc3 dxe4 4. Nxe4 Bd7 5. Nf3 Bc6 6. Bd3 Nd7 7. O-O Ngf6 8.
Neg5 h6 9. Nxe6 fxe6 10. Bg6+ Ke7 11. c4 Bxf3 12. Qxf3 Nb6 13. d5 Nxc4 14. dxe6
Ne5 15. Qf5 Nxg6 16. Qxg6 Qe8 17. Qd3 Qd8 18. Qg3 Kxe6 19. Bf4 Kf7 20. Rad1 Qc8
21. Rfe1 Bd6 22. Qb3+ Kg6 23. Bxd6 cxd6 24. Re7 Ne8 25. Rxd6+ Nxd6 26. Qg3+ Kh5
27. h3 Rf8 28. Qe5+ Rf5 29. g4+ Kh4 30. Qg3+ Kg5 31. gxf5+ Kf6 32. Qxg7+ Kxf5
33. Re5+ Kf4 34. Qg3# 1-0

[Event "Asian Nations Cup 2016"]
[Site "Abu Dhabi UAE"]
[Date "2016.04.02"]
[Round "6.1"]
[White "Shrestha, Bilam Lal"]
[Black "Zayed, Ali Al-hamed"]
[Result "0-1"]
[WhiteTitle "FM"]
[WhiteElo "2026"]
[BlackElo "1987"]
[WhiteTeam "Nepal"]
[BlackTeam "UAE - 3"]
[WhiteFideId "12300047"]
[BlackFideId "9303340"]
[EventDate "2016.03.28"]
[EventType "team"]

1. e4 c5 2. Nf3 d6 3. c4 Nf6 4. Nc3 Bg4 5. d3 Nc6 6. h3 Bxf3 7. Qxf3 g6 8. Be3
Bg7 9. Qd1 O-O 10. Qd2 Nd4 11. Be2 Nd7 12. f4 e6 13. O-O a6 14. a4 Nb3 15. Qc2
Nxa1 16. Rxa1 Nb8 17. Rf1 Re8 18. Bd1 Nc6 19. g4 f5 20. Kh2 Nd4 21. Qf2 Rb8 22.
Qg2 Qf6 23. exf5 exf5 24. Nd5 Qf7 25. Bxd4 Bxd4 26. a5 Kh8 27. Bf3 Re6 28. b3
Rbe8 29. Qg3 Rf8 30. Kg2 Qg7 31. h4 fxg4 32. Bxg4 Ree8 33. Bf3 Bc3 34. Be4 Bxa5
35. h5 gxh5 36. Qxg7+ Kxg7 37. Rh1 h6 38. Rxh5 Bd8 39. Rh3 Rg8 40. Kf3 b5 41.
cxb5 axb5 42. Ne3 Ref8 43. Nf5+ Rxf5 44. Bxf5 Rf8 45. Rg3+ Kf6 46. Be4 Rh8 47.
Rg6+ Ke7 48. Bd5 h5 49. f5 Rf8 50. Be6 Rh8 51. Bd5 Rf8 52. Ke4 Kd7 53. Rh6 h4
54. Rh7+ Be7 55. Be6+ Kd8 56. Kd5 b4 57. Kc6 Rf6 58. Rg7 Rf8 59. Rg2 h3 60. Ra2
Ke8 61. Ra8+ Bd8 62. Kxd6 h2 63. Ra1 Rh8 64. Bd5 Be7+ 65. Ke5 Rh6 66. Rf1 Bd6+ 0-1

[Event "Asian Nations Cup 2016"]
[Site "Abu Dhabi UAE"]
[Date "2016.04.02"]
[Round "6.2"]
[White "Mansour, Abbas"]
[Black "Shrestha, Rajendra Prasad"]
[Result "0-1"]
[WhiteElo "1818"]
[BlackElo "1922"]
[WhiteTeam "UAE - 3"]
[BlackTeam "Nepal"]
[WhiteFideId "9301402"]
[BlackFideId "12300489"]
[EventDate "2016.03.28"]
[EventType "team"]

1. e4 e6 2. d4 d5 3. Nc3 dxe4 4. Nxe4 Nd7 5. Nf3 Ngf6 6. Nxf6+ Nxf6 7. Bd3 Be7
8. O-O O-O 9. Qe2 b6 10. Bg5 Bb7 11. Rfd1 h6 12. Bh4 Qd5 13. Bg3 c5 14. c4 Qh5
15. d5 Bc8 16. d6 Bd8 17. d7 Bb7 18. Bd6 Bxf3 19. Qxf3 Qxf3 20. gxf3 Nxd7 21.
Bxf8 Nxf8 22. Be4 Rb8 23. a3 f5 24. Bc6 Bf6 25. Rab1 Bd4 26. b4 Ng6 27. Kg2 Ne5
28. Bb5 g5 29. Re1 Nd3 30. Rxe6 Nf4+ 0-1

[Event "Asian Nations Cup 2016"]
[Site "Abu Dhabi UAE"]
[Date "2016.04.02"]
[Round "6.3"]
[White "Shrestha, Sujendra Prasad"]
[Black "Al-Zaabi, Sultan"]
[Result "1-0"]
[WhiteTitle "FM"]
[BlackTitle "CM"]
[WhiteElo "1893"]
[BlackElo "1817"]
[WhiteTeam "Nepal"]
[BlackTeam "UAE - 3"]
[WhiteFideId "12300519"]
[BlackFideId "9307583"]
[EventDate "2016.03.28"]
[EventType "team"]

1. e4 e5 2. Nf3 Nc6 3. Bc4 Bc5 4. c3 Nf6 5. d4 exd4 6. e5 d5 7. exf6 dxc4 8.
fxg7 Rg8 9. O-O Be6 10. Bg5 Be7 11. Bxe7 Qxe7 12. Nxd4 Nxd4 13. Qxd4 Qd7 14.
Qxd7+ Kxd7 15. Na3 c5 16. Rad1+ Kc6 17. Rd2 Rad8 18. Rxd8 Rxd8 19. f4 Bd5 20. f5
f6 21. Rf4 b5 22. Rh4 Bg8 23. Rh6 Rd6 24. Nc2 Kd7 25. Ne3 Ke7 26. a4 a6 27. axb5
axb5 28. Kf2 Kf7 29. Rh4 Kxg7 30. Ke2 Kf8 31. Rf4 Kg7 32. h4 Bf7 33. Rf1 Kf8 34.
Ra1 Be8 35. g4 h6 36. Ra7 Rd7 37. Rxd7 Bxd7 38. Kf3 Kf7 39. Kf4 Bc6 40. g5 hxg5+
41. hxg5 fxg5+ 42. Kxg5 Be4 43. Kf4 Bd3 44. Ke5 b4 45. Nd5 bxc3 46. bxc3 Bc2 47.
Nc7 Bd3 48. Na6 Bc2 49. Nxc5 Bd3 50. Nb7 Be2 51. Nd6+ Kf8 52. f6 Bd3 53. Ke6 Bg6
54. f7 Bh5 55. Kf6 Bg4 56. Nxc4 Bh5 57. Ne5 Bxf7 58. Nxf7 Ke8 59. Ke6 Kf8 60. c4 1-0

[Event "Asian Nations Cup 2016"]
[Site "Abu Dhabi UAE"]
[Date "2016.04.02"]
[Round "6.4"]
[White "Ali, Abdulaziz"]
[Black "Baidya, Arun Shankar"]
[Result "1-0"]
[WhiteElo "1910"]
[BlackElo "1719"]
[WhiteTeam "UAE - 3"]
[BlackTeam "Nepal"]
[WhiteFideId "9304347"]
[BlackFideId "12305251"]
[EventDate "2016.03.28"]
[EventType "team"]

1. e4 d5 2. exd5 Qxd5 3. Nf3 Bg4 4. Be2 Nf6 5. O-O c6 6. d4 e6 7. Nc3 Qa5 8. Ne5
Bf5 9. Bf3 Be7 10. Re1 O-O 11. g4 Bg6 12. h4 h6 13. Nxg6 fxg6 14. Rxe6 Bb4 15.
Qd3 Kf7 16. Re5 Qc7 17. Qc4+ 1-0

[Event "Asian Nations Cup 2016"]
[Site "Abu Dhabi UAE"]
[Date "2016.04.03"]
[Round "7.1"]
[White "Murshed, Niaz"]
[Black "Adhiban, Baskaran"]
[Result "0-1"]
[WhiteTitle "GM"]
[BlackTitle "GM"]
[WhiteElo "2446"]
[BlackElo "2663"]
[WhiteTeam "Bangladesh"]
[BlackTeam "India"]
[WhiteFideId "10200010"]
[BlackFideId "5018471"]
[EventDate "2016.03.28"]
[EventType "team"]

1. Nf3 d5 2. c4 d4 3. e3 Nc6 4. exd4 Nxd4 5. Nxd4 Qxd4 6. Nc3 c6 7. d3 Nh6 8.
Be3 Qd8 9. Be2 Nf5 10. O-O g6 11. Bf4 Bg7 12. Re1 O-O 13. Bf1 Qa5 14. Rb1 e5 15.
Be3 Nxe3 16. fxe3 f5 17. Qa4 Qc7 18. c5 Be6 19. Rbd1 Rfd8 20. Qh4 Rd7 21. Kh1
Qa5 22. d4 Rad8 23. d5 Bxd5 24. b4 Qc7 25. Nxd5 cxd5 26. Bb5 Rf7 27. Ba4 Bf6 28.
Qf2 Kg7 29. Bb3 Rfd7 30. Ba4 Re7 31. Bb3 a5 32. Bxd5 axb4 33. e4 Red7 34. Rf1
Bg5 35. h4 Bf4 36. g3 fxe4 37. gxf4 Rxd5 38. Rxd5 Rxd5 39. fxe5 Qe7 40. e6 e3
41. Qf7+ Qxf7 42. Rxf7+ Kg8 43. Kg2 Rf5 0-1

[Event "Asian Nations Cup 2016"]
[Site "Abu Dhabi UAE"]
[Date "2016.04.03"]
[Round "7.2"]
[White "Sethuraman, S.P."]
[Black "Mohammad, Minhaz Uddin"]
[Result "0-1"]
[WhiteTitle "GM"]
[BlackTitle "IM"]
[WhiteElo "2658"]
[BlackElo "2436"]
[WhiteTeam "India"]
[BlackTeam "Bangladesh"]
[WhiteFideId "5021596"]
[BlackFideId "10201955"]
[EventDate "2016.03.28"]
[EventType "team"]

1. d4 Nf6 2. Bg5 d5 3. e3 Bg4 4. f3 Bf5 5. Nc3 Bg6 6. Nge2 Nbd7 7. Nf4 c6 8. h4
e5 9. dxe5 Nxe5 10. h5 Bf5 11. Qd4 Ned7 12. O-O-O Bc5 13. Qd2 h6 14. Bxf6 Nxf6
15. Bd3 Bxd3 16. Nxd3 Be7 17. Ne2 Qc7 18. Nd4 O-O-O 19. Qc3 Ne8 20. Rhe1 Bf6 21.
a4 Nd6 22. b3 Rhe8 23. g4 Kb8 24. Nc5 Ka8 25. a5 Rc8 26. Qb4 Bd8 27. Nf5 Nxf5
28. gxf5 Rb8 29. a6 bxa6 30. Qf4 Qe7 31. b4 a5 32. e4 Rxb4 33. Nd3 Rc4 34. Nb2
Qa3 35. exd5 0-1

[Event "Asian Nations Cup 2016"]
[Site "Abu Dhabi UAE"]
[Date "2016.04.03"]
[Round "7.3"]
[White "Mollah Abdullah, Al Rakib"]
[Black "Vidit, Santosh Gujrathi"]
[Result "1/2-1/2"]
[WhiteTitle "GM"]
[BlackTitle "GM"]
[WhiteElo "2478"]
[BlackElo "2648"]
[WhiteTeam "Bangladesh"]
[BlackTeam "India"]
[WhiteFideId "10200444"]
[BlackFideId "5029465"]
[EventDate "2016.03.28"]
[EventType "team"]

1. d4 Nf6 2. c4 g6 3. Nf3 Bg7 4. e3 O-O 5. Be2 c5 6. d5 d6 7. Nc3 e6 8. O-O Re8
9. e4 exd5 10. exd5 Bf5 11. Bd3 Bg4 12. h3 Bxf3 13. Qxf3 Nbd7 14. Qd1 Nh5 15.
Bd2 Ne5 16. Be2 Qh4 17. Qc1 Bf6 18. Nb5 Rad8 19. Nxa7 g5 20. a4 Nf4 21. Bxf4
gxf4 22. Ra3 Kh8 23. Kh2 f3 24. Bxf3 Qxc4 25. Nb5 Re7 26. Rd1 Nxf3+ 27. Rxf3
Be5+ 28. g3 Qxa4 29. Nc3 Qc4 30. Qg5 Rde8 31. Re1 f6 1/2-1/2

[Event "Asian Nations Cup 2016"]
[Site "Abu Dhabi UAE"]
[Date "2016.04.03"]
[Round "7.4"]
[White "Sasikiran, Krishnan"]
[Black "Hossain, Enamul"]
[Result "1-0"]
[WhiteTitle "GM"]
[BlackTitle "GM"]
[WhiteElo "2637"]
[BlackElo "2426"]
[WhiteTeam "India"]
[BlackTeam "Bangladesh"]
[WhiteFideId "5004985"]
[BlackFideId "10200649"]
[EventDate "2016.03.28"]
[EventType "team"]

1. d4 Nf6 2. c4 e6 3. Nf3 d5 4. Nc3 dxc4 5. e4 Bb4 6. Bxc4 Nxe4 7. O-O Nxc3 8.
bxc3 Be7 9. Ne5 O-O 10. Qg4 Nc6 11. Re1 f5 12. Qf3 Nxe5 13. Rxe5 Kh8 14. Bf4 g5
15. Bd2 Bd6 16. Rae1 Bxe5 17. Rxe5 c6 18. h4 gxh4 19. Qh5 Bd7 20. Bg5 Qe8 21.
Qxh4 Qg6 22. Re3 f4 23. Bd3 Qg7 24. Bxf4 Rxf4 25. Qxf4 Qe7 26. Qe5+ Qg7 27. Qd6
Rg8 28. Rg3 Qf7 29. Qe5+ Rg7 30. Rxg7 Qxg7 31. Qb8+ Qg8 32. Qxb7 Be8 33. Qxa7
Bg6 34. Bxg6 Qxg6 35. Qb8+ Kg7 36. Qg3 1-0

[Event "Asian Nations Cup 2016"]
[Site "Abu Dhabi UAE"]
[Date "2016.04.03"]
[Round "7.1"]
[White "Bu, Xiangzhi"]
[Black "Jumabayev, Rinat"]
[Result "1/2-1/2"]
[WhiteTitle "GM"]
[BlackTitle "GM"]
[WhiteElo "2724"]
[BlackElo "2607"]
[WhiteTeam "China"]
[BlackTeam "Kazakhstan"]
[WhiteFideId "8601445"]
[BlackFideId "13702661"]
[EventDate "2016.03.28"]
[EventType "team"]

1. Nf3 Nf6 2. c4 g6 3. Nc3 d5 4. cxd5 Nxd5 5. Qa4+ Bd7 6. Qh4 Bc6 7. d3 Bg7 8.
Bd2 O-O 9. Rc1 e5 10. Qxd8 Rxd8 11. a3 a5 12. Nxd5 Rxd5 13. e4 Rd7 14. Be2 b6
15. Bc3 Re7 16. O-O Bb5 17. b3 Na6 18. a4 Bd7 19. d4 exd4 20. Bxd4 Bg4 21. Bxa6
Rxa6 22. Bxg7 Kxg7 23. h3 Bc8 24. Rfd1 Ra8 25. Nd2 Rd7 26. Nc4 Rxd1+ 27. Rxd1
Be6 28. f3 b5 29. axb5 Rb8 30. Na3 Bxb3 31. Rc1 Rb7 32. Kf2 Kf8 33. Ke3 Ke7 34.
Kd4 Kd7 35. Kc5 Rb6 36. Rc3 a4 37. Nc4 Bxc4 38. Rxc4 a3 39. Ra4 Rd6 40. Rxa3 Rd2
41. g3 Rc2+ 42. Kd4 Rb2 43. Kc4 Rc2+ 44. Rc3 Rh2 45. h4 Kd6 46. f4 Rg2 47. h5
gxh5 48. Kd4 Rd2+ 49. Ke3 Rb2 50. Rc6+ Kd7 51. Rc5 Rb3+ 52. Kf2 Rb4 53. Kf3 Rb3+
54. Kg2 Rb4 55. Rd5+ Ke7 56. Re5+ Kf6 57. Kh3 Kg6 58. Kh4 h6 59. Rc5 Rxe4 60.
Rc6+ f6 61. Rxc7 Re1 62. Kh3 Rb1 63. Rb7 Kf5 64. Rh7 Kg6 65. Rb7 Kf5 66. Rh7 1/2-1/2

[Event "Asian Nations Cup 2016"]
[Site "Abu Dhabi UAE"]
[Date "2016.04.03"]
[Round "7.2"]
[White "Ismagambetov, Anuar"]
[Black "Wei, Yi"]
[Result "1/2-1/2"]
[WhiteTitle "GM"]
[BlackTitle "GM"]
[WhiteElo "2559"]
[BlackElo "2714"]
[WhiteTeam "Kazakhstan"]
[BlackTeam "China"]
[WhiteFideId "13701525"]
[BlackFideId "8603405"]
[EventDate "2016.03.28"]
[EventType "team"]

1. e4 e5 2. Nf3 Nc6 3. Bb5 a6 4. Ba4 Nf6 5. O-O Bc5 6. c3 b5 7. Bb3 d6 8. d4 Bb6
9. a4 Bb7 10. Re1 O-O 11. Bg5 h6 12. Bh4 exd4 13. axb5 axb5 14. Rxa8 Bxa8 15.
cxd4 g5 16. Bg3 Re8 17. d5 Na5 18. Bc2 c6 19. dxc6 Bxc6 20. Nc3 Nc4 21. b4 d5
22. exd5 Rxe1+ 23. Nxe1 Nxd5 24. Nxd5 Qxd5 25. Qxd5 Bxd5 26. Bd3 Kg7 27. Kf1 Kf6
28. Ke2 Ke6 29. f3 Na3 30. Kd2 Bd4 1/2-1/2

[Event "Asian Nations Cup 2016"]
[Site "Abu Dhabi UAE"]
[Date "2016.04.03"]
[Round "7.3"]
[White "Lu, Shanglei"]
[Black "Khusnutdinov, Rustam"]
[Result "1/2-1/2"]
[WhiteTitle "GM"]
[BlackTitle "GM"]
[WhiteElo "2620"]
[BlackElo "2496"]
[WhiteTeam "China"]
[BlackTeam "Kazakhstan"]
[WhiteFideId "8603332"]
[BlackFideId "13701703"]
[EventDate "2016.03.28"]
[EventType "team"]

1. e4 c5 2. Nf3 e6 3. g3 Nc6 4. Bg2 Nf6 5. Nc3 d5 6. exd5 exd5 7. d4 Bg4 8. Ne2
cxd4 9. Nfxd4 Bc5 10. h3 Nxd4 11. hxg4 Qe7 12. Be3 Nc6 13. g5 Nd7 14. Qxd5 Bxe3
15. fxe3 O-O-O 16. O-O-O Qxe3+ 17. Qd2 Qxd2+ 18. Rxd2 Nc5 19. Nf4 Rxd2 20. Kxd2
Kc7 21. c4 a5 22. b3 Ne7 23. Re1 Kd6 24. Kc3 h5 25. a3 b6 26. Bh3 Nc6 27. g6
fxg6 28. Nxg6 Rh6 29. Bf5 Kc7 30. Re8 Nxb3 31. Rc8+ Kd6 32. Rxc6+ Kxc6 33. Kxb3
b5 34. Bd3 bxc4+ 35. Kxc4 h4 36. gxh4 Rh5 37. Be4+ Kd6 38. Kd4 Rc5 39. a4 Rc1
40. Bd3 Rg1 41. Ne5 Rh1 42. Nf3 Ra1 43. Bb5 Rb1 44. Ke4 Kc5 45. Ke5 Rxb5 46.
axb5 a4 47. Nd4 a3 48. h5 a2 49. Nc2 Kxb5 50. Kd5 Kb6 51. Kc4 Kc7 52. Kb3 Kd6 1/2-1/2

[Event "Asian Nations Cup 2016"]
[Site "Abu Dhabi UAE"]
[Date "2016.04.03"]
[Round "7.4"]
[White "Kostenko, Petr"]
[Black "Zhou, Jianchao"]
[Result "1/2-1/2"]
[WhiteTitle "GM"]
[BlackTitle "GM"]
[WhiteElo "2450"]
[BlackElo "2612"]
[WhiteTeam "Kazakhstan"]
[BlackTeam "China"]
[WhiteFideId "13700669"]
[BlackFideId "8603537"]
[EventDate "2016.03.28"]
[EventType "team"]

1. e4 d5 2. exd5 Qxd5 3. Nc3 Qd6 4. g3 Nf6 5. Bg2 Bg4 6. Nge2 c6 7. h3 Bxe2 8.
Qxe2 e6 9. b4 a6 10. Rb1 Nbd7 11. O-O Be7 12. d3 O-O 13. a4 Qc7 14. Bd2 b5 15.
Rfc1 Rab8 16. axb5 axb5 17. Nd1 c5 18. Ne3 cxb4 19. Bxb4 Bxb4 20. Rxb4 Ne8 21.
Qf3 Rb6 22. Ra1 Nd6 23. Ra8 Rxa8 24. Qxa8+ Rb8 25. Qc6 Qxc6 26. Bxc6 Ne5 27. Bg2
Kf8 28. f4 Nd7 29. Kf2 Rb6 30. Rb1 Ra6 31. g4 g6 32. Ke2 Ke7 33. f5 g5 34. Kd2
Nf6 35. fxe6 fxe6 36. Nd1 h5 37. Nc3 hxg4 38. hxg4 Nxg4 39. Nxb5 Rb6 40. c4 Nxb5
41. cxb5 Kd6 42. Kc3 Ne3 43. Bc6 Nd5+ 44. Bxd5 Kxd5 45. Kb4 Kd4 46. Rg1 Kxd3 47.
Kc5 Rb8 48. Rxg5 Ke4 49. b6 Kf4 50. Rg7 e5 51. Rf7+ Ke3 52. Kc6 e4 53. Kc7 Rxb6
54. Kxb6 Kd3 55. Rd7+ Kc3 56. Re7 Kd3 57. Rd7+ Kc3 58. Re7 Kd3 59. Ka5 e3 60.
Kb4 e2 61. Kb3 Kd2 62. Rd7+ Kc1 63. Rc7+ Kd2 64. Rd7+ Kc1 65. Re7 Kd2 66. Ka2
e1=Q 67. Rxe1 Kxe1 1/2-1/2

[Event "Asian Nations Cup 2016"]
[Site "Abu Dhabi UAE"]
[Date "2016.04.03"]
[Round "7.1"]
[White "Ghaem Maghami, Ehsan"]
[Black "Nguyen, Ngoc Truong Son"]
[Result "1/2-1/2"]
[WhiteTitle "GM"]
[BlackTitle "GM"]
[WhiteElo "2549"]
[BlackElo "2649"]
[WhiteTeam "Iran"]
[BlackTeam "Vietnam"]
[WhiteFideId "12500739"]
[BlackFideId "12401110"]
[EventDate "2016.03.28"]
[EventType "team"]

1. e4 e5 2. Nf3 Nc6 3. Bb5 a6 4. Ba4 Nf6 5. d3 b5 6. Bb3 Bc5 7. Be3 d6 8. c3 O-O
9. O-O Bxe3 10. fxe3 Na5 11. Bc2 c5 12. Nbd2 Qe7 13. Qe2 Rb8 14. a3 Nc6 15. h3
a5 16. Qf2 Ne8 17. a4 b4 18. Bb3 Nc7 19. Bc4 Be6 20. Qg3 bxc3 21. bxc3 Rb2 22.
Rfb1 Rfb8 23. Qe1 Qd8 24. Bxe6 Nxe6 25. Rxb2 Rxb2 26. Nc4 Rb3 27. Rb1 Rb8 28.
Nfd2 Kf8 29. Rb5 d5 30. Rxb8 Nxb8 31. exd5 Qxd5 32. Qb1 Nc6 33. Qb5 Ned8 34. Nb6
Qa2 35. Ne4 Kg8 36. Nd7 h6 37. Nxe5 Nxe5 38. Qe8+ Kh7 39. Qxe5 Qxa4 40. Nxc5
Qa1+ 41. Kh2 Ne6 42. Nb3 Qa2 43. Qf5+ Kg8 44. Nxa5 Qd2 45. Nc4 Qxc3 46. Ne5 Qc7
47. d4 Nf8 48. Qf4 Ne6 49. Qg3 Ng5 50. Ng4 Qc6 51. Qb8+ Kh7 52. Qf4 f6 53. Nf2
Kg8 54. Qb8+ Kh7 55. Qf4 Kg8 56. h4 Ne6 57. Qf3 Qd6+ 58. Qg3 Qd5 59. Qf3 Qd6+
60. g3 Nc7 61. Nd3 Nd5 62. Nf4 Nxf4 63. gxf4 f5 64. Qb7 Qe6 65. d5 Qxe3 66. Qc8+
Kh7 67. Qxf5+ Kh8 68. Qf8+ Kh7 69. Qf5+ Kh8 70. Qc8+ Kh7 71. Qc2+ Kg8 72. Qc8+
Kh7 73. Qf5+ 1/2-1/2

[Event "Asian Nations Cup 2016"]
[Site "Abu Dhabi UAE"]
[Date "2016.04.03"]
[Round "7.2"]
[White "Nguyen, Huynh Minh Huy"]
[Black "Maghsoodloo, Parham"]
[Result "0-1"]
[WhiteTitle "GM"]
[WhiteElo "2455"]
[BlackElo "2489"]
[WhiteTeam "Vietnam"]
[BlackTeam "Iran"]
[WhiteFideId "12401269"]
[BlackFideId "12539929"]
[EventDate "2016.03.28"]
[EventType "team"]

1. d4 Nf6 2. Bg5 d5 3. e3 c5 4. Nc3 Nc6 5. Nf3 Bg4 6. Be2 e6 7. O-O Be7 8. Ne5
Bxe2 9. Nxe2 Rc8 10. c3 O-O 11. Bxf6 Bxf6 12. Nd3 c4 13. Ndf4 Bg5 14. Qc2 Qd7
15. f3 f5 16. Rad1 b5 17. e4 a5 18. Nh3 Bh6 19. Rde1 dxe4 20. fxe4 e5 21. d5 Ne7
22. Ng3 fxe4 23. Qxe4 Rxf1+ 24. Nxf1 Nxd5 25. Qxe5 Nf6 26. Rd1 Re8 27. Rxd7 Rxe5
28. Rd8+ Kf7 29. Nf2 Re2 30. Nd1 Ne4 31. g4 Re1 32. Kg2 Nd2 33. h4 Rxd1 34. g5
Nxf1 0-1